02010nam a22001697a 450000100070000000500170000700800410002404000230006508000140008810000160010224500240011825000370014230000860017950015140026565000440177976000170182314614820240429143516.0240429b |||||||| |||| 00| 0 POR d cColegio Novo Tempo a821111733 aJohn Green  aO teorema Katherine a1ª edição (12 março 2013) aCapa comum ‏ : ‎ 304 páginascDimensões ‏ : ‎ 20.83 x 13.72 x 1.27 cm aSe o assunto é relacionamento, o tipo de garota de Colin Singleton tem nome: Katherine. E, em se tratando de Colin e Katherines, o desfecho é sempre o mesmo: ele leva o fora. Já aconteceu muito. Dezenove vezes, para ser exato. Após o mais recente e traumático pé na bunda, o Colin que só namora Katherines resolve cair na estrada. Dirigindo o Rabecão de Satã, com seu caderninho de anotações no bolso e o melhor amigo no carona, o ex-garoto prodígio, viciado em anagramas e PhD em levar o fora, descobre sua verdadeira missão: elaborar e comprovar o Teorema Fundamental da Previsibilidade das Katherines, que tornará possível antever, através da linguagem universal da matemática, o desfecho de qualquer relacionamento antes mesmo que as duas pessoas se conheçam. Uma descoberta que vai entrar para a história, vai vingar séculos de injusta vantagem entre Terminantes e Terminados e, enfim, elevará Colin Singleton diretamente ao distinto posto de gênio da humanidade. Também, é claro, vai ajudá-lo a reconquistar sua garota. Ou, pelo menos, é isso o que ele espera. “Bastante divertido, desafiadoramente complexo e extremamente interessante.” Kirkus Reviews “Divertido, espirituoso e fascinante.” School Library Journal “O humor rasgado [dos personagens] oscila entre o deliciosamente pretensioso e o sutilmente intelectualizado.” Booklist “Engraçado, cativante e imprevisível.” The Minneapolis Star Tribune Best-seller da Veja  2Idade de leitura ‏ : ‎ 12 - 17 anos bIntrínseca